Anagrammi dei Calciatori - Quiz n°11 - Statistics

Statistiche generali
  • Questo quiz è stato fatto 13 volte
  • Il punteggio medio è 6 su 10
Statistiche sulle risposte
Anagramma Calciatore % Corretto
laus Saul
100%
aigb Gabi
90%
mluaes Samuel
80%
llwiiasm Williams
80%
vcciuin Vucinic
60%
ggaibo Baggio
50%
ukrwaaz Kurzawa
50%
matbraa Amrabat
40%
relenlto Llorente
10%
hrphaian Raphinha
10%
Nessun quiz corrispondente trovato
Distribuzione punteggi
Percentuale di utenti per punteggio
Percentile per numero di risposta
I tuoi punteggi nel tempo
Non hai fatto questo quiz